STRESS, COPING AND HEALTH IN FAMILIES (Record no. 8342)

MARC details
000 -LEADER
fixed length control field 00334nam a22001457a 4500
003 - CONTROL NUMBER IDENTIFIER
control field SGT
020 ## - INTERNATIONAL STANDARD BOOK NUMBER
International Standard Book Number 0-7619-1397-1
082 ## - DEWEY DECIMAL CLASSIFICATION NUMBER
Classification number 614, S98M
100 ## - MAIN ENTRY--PERSONAL NAME
Personal name MCCUBBIN, HAMILTON I.
245 ## - TITLE STATEMENT
Title STRESS, COPING AND HEALTH IN FAMILIES
260 ## - PUBLICATION, DISTRIBUTION, ETC. (IMPRINT)
Place of publication, distribution, etc LONDON
Name of publisher, distributor, etc SAGE
Year of Publication 1998
300 ## - PAGE DESCRIPTION
No. of Pages 311
650 ## - SUBJECT ADDED ENTRY--TOPICAL TERM
Topical term or geographic name as entry element COMMUNITY MEDICINE
942 ## - ADDED ENTRY ELEMENTS (KOHA)
Source of classification or shelving scheme Dewey Decimal Classification
Koha item type Books
Holdings
Withdrawn status Lost status Source of classification or shelving scheme Damaged status Not for loan Collection code Home library Current library Shelving location Date acquired Vendor Name Cost, normal purchase price SGTU Bill Number Total Checkouts Full call number Accession No. (Barcode) Date last seen Bill Date Koha item type
    Dewey Decimal Classification     MEDICAL SGT Medical Library SGT Medical Library Reference Book 05/03/2016 AHUJA BOOK COMPANY 4730.00 SGTU 6069   614, S98M FM7369 29/03/2019 11/09/2015 Books